| 000 | 00716cam a2200241 a 4500 | ||
|---|---|---|---|
| 008 | |||
| 020 | _a1412908000 (pbk.) | ||
| 049 | _aMAIN | ||
| 090 |
_aPN478.F37 _bPAP |
||
| 100 | 1 | _aPape, Susan. | |
| 245 | 1 | 0 |
_aFeature writing: _ba practical introduction / _cSusan Pape and Sue Featherstone. |
| 260 |
_aLondon : _bSAGE Publications, _c2006. |
||
| 300 |
_aviii, 163 p. ; _c25 cm. |
||
| 500 | _aIncludes index. | ||
| 504 | _aIncludes bibliographical references. | ||
| 650 | 0 | _aFeature writing. | |
| 700 | 1 | _aFeatherstone, Sue. | |
| 907 |
_a.b10238761 _b07-07-10 _c17-04-07 |
||
| 003 | |||
| 005 | 20230123125026.0 | ||
| 040 | _cNUST | ||
| 942 |
_cBOOKS _kPN478.F37 _mPAP |
||
| 999 |
_c134400 _d134400 |
||